Estudio de cinética y equilibrio de absorción del carbono orgánico disuelto (DOC) en aguas sobre quitosana de diferentes pesos moleculares
Presenta estudio de cinética y equilibrio de adsorción de la materia orgánica en quitosana medida como carbono orgánico disuelto a diferentes pesos moleculares usando agua superficial de tres plantas potabilizadoras
| Main Author: | |
|---|---|
| Other Authors: | |
| Format: | Tesis Section = Libro |
| Language: | Undetermined Spanish |
| Published: |
Managua
UNI
2011
|
| Subjects: |
| LEADER | 00995nam a2200229Ia 4500 | ||
|---|---|---|---|
| 008 | 240830s9999 xx 000 0 und d | ||
| 040 | |a CEDOC DACA-RUSB / Mon 660.28423 D948 | ||
| 041 | |a spa | ||
| 082 | |a Mon 660.28423 D948 | ||
| 100 | 1 | |a Durán Padilla, Brenda Esmeralda | |
| 245 | 1 | 0 | |a Estudio de cinética y equilibrio de absorción del carbono orgánico disuelto (DOC) en aguas sobre quitosana de diferentes pesos moleculares |
| 260 | |a Managua |b UNI |c 2011 | ||
| 300 | |a 125 p. :il | ||
| 502 | |a Tesis (Ingeniero Químico) -UNI, 2011. | ||
| 520 | 3 | |a Presenta estudio de cinética y equilibrio de adsorción de la materia orgánica en quitosana medida como carbono orgánico disuelto a diferentes pesos moleculares usando agua superficial de tres plantas potabilizadoras | |
| 650 | 7 | |a ADSORCIÓN - MATERIA ORGÁNICA | |
| 650 | 7 | |b CINÉTICA QUÍMICA. | |
| 650 | 7 | |c QUITINA - QUITOSANA. | |
| 700 | 1 | |a Tutor: |b García G, Indiana | |
| 942 | |c BK |2 ddc | ||
| 991 | |a TESIS | ||
| 999 | |c 25986 | ||